[Event "Rated Blitz game"]
[Site "?"]
[Date "2021.05.22"]
[Round "?"]
[White "templario77"]
[Black "KinzyabulatovRenat"]
[Result "1-0"]
[WhiteElo "2508"]
[BlackElo "2458"]
[PlyCount "115"]
[EventDate "2021.??.??"]
[EventType "blitz"]

1. e4 e5 2. Nf3 d5 3. d4 dxe4 4. Nxe5 Bd6 5. Nc4 Nf6 6. Nc3 O-O 7. Bg5 Be7 8.
Be2 Nc6 9. d5 Nxd5 10. Nxd5 Bxg5 11. O-O Be6 12. Nce3 f5 13. f4 Bf6 14. c3 Ne7
15. Nxf6+ Rxf6 16. Qa4 c6 17. Rad1 Qb6 18. Qd4 Rff8 19. Qxb6 axb6 20. a3 Rfd8
21. Bc4 Kf7 22. Bxe6+ Kxe6 23. Kf2 b5 24. Nc2 c5 25. g3 Nc6 26. Ke3 Rxd1 27.
Rxd1 Rd8 28. Rxd8 Nxd8 29. b4 b6 30. h3 Kd5 31. Kd2 g6 32. Ne3+ Ke6 33. c4 cxb4
34. axb4 Nc6 35. Kc3 bxc4 36. Kxc4 Na7 37. Nc2 Kd6 38. g4 b5+ 39. Kc3 Nc6 40.
gxf5 gxf5 41. Ne3 Ke6 42. Ng2 Kf6 43. Ne3 Ke6 44. Ng2 Kf6 45. Ne3 Kg6 46. Nd5
Kh5 47. Nc7 Kh4 48. Nxb5 Kxh3 49. Nd4 Kg4 50. Nxc6 Kxf4 51. b5 e3 52. b6 Kf3
53. Nd4+ Kf2 54. b7 f4 55. b8=Q e2 56. Qxf4+ Kg1 57. Nxe2+ Kg2 58. Kd3 {Normal}
1-0

[Event "Rated Blitz tournament gUKe0HRP"]
[Site "?"]
[Date "2021.05.22"]
[Round "?"]
[White "Pomberito"]
[Black "JellalFernandes"]
[Result "0-1"]
[WhiteElo "2363"]
[BlackElo "2600"]
[PlyCount "72"]
[EventDate "2021.??.??"]
[EventType "blitz"]

1. e4 e5 2. Nf3 d5 3. exd5 Bd6 4. Nc3 Nf6 5. Bc4 O-O 6. d3 Nbd7 7. Bg5 h6 8.
Bh4 Re8 9. O-O Nf8 10. Ne4 Ng6 11. Bxf6 gxf6 12. Qd2 Kh7 13. Ng3 f5 14. Rfe1 f4
15. Ne4 Bg4 16. Kh1 f5 17. Nxd6 cxd6 18. Ng1 Rg8 19. f3 Bh5 20. d4 Qg5 21. dxe5
Nxe5 22. Bf1 Nxf3 23. Nxf3 Bxf3 24. Qf2 Be4 25. Rad1 Rg7 26. Rd4 Rag8 27. Rdxe4
fxe4 28. Rxe4 Rf8 29. Re6 Qxd5 30. Bd3+ Kg8 31. Rxh6 f3 32. g3 Qg5 33. Bc4+ d5
34. Qc5 Qc1+ 35. Qg1 Qxg1+ 36. Kxg1 dxc4 {Normal} 0-1

[Event "Rated Blitz tournament eh3k6WQ5"]
[Site "?"]
[Date "2021.05.22"]
[Round "?"]
[White "Atahan_2006"]
[Black "annaly1979"]
[Result "1-0"]
[WhiteElo "2416"]
[BlackElo "2409"]
[PlyCount "97"]
[EventDate "2021.??.??"]
[EventType "blitz"]

1. e4 e5 2. Nf3 d5 3. exd5 e4 4. Qe2 f5 5. d3 Nf6 6. Bg5 Be7 7. Bxf6 Bxf6 8.
Nc3 O-O 9. dxe4 fxe4 10. Nxe4 Bxb2 11. Rb1 Bf6 12. Qc4 Kh8 13. Bd3 Nd7 14. O-O
Nb6 15. Qb4 a5 16. Qb5 Bd7 17. Qb3 Bg4 18. Nxf6 Qxf6 19. Nd2 a4 20. Qb4 Qg5 21.
Ne4 Qh6 22. Nc5 Rf4 23. c4 Qg5 24. d6 Bf3 25. g3 Qh5 26. Rfe1 Qh3 27. Bf1 Qh5
28. dxc7 Raf8 29. Qxb6 R4f6 30. Ne6 Rh6 31. h4 Qg4 32. Qd4 Rxe6 33. Qxg4 Bxg4
34. Rxe6 Bxe6 35. Rxb7 h6 36. Rb8 Bc8 37. Bh3 Bxh3 38. Rxf8+ Kh7 39. c8=Q Bxc8
40. Rxc8 a3 41. Rd8 Kg6 42. c5 Kf6 43. c6 Ke7 44. c7 g5 45. c8=Q Kf6 46. Qd7
Ke5 47. Rf8 gxh4 48. Rf5+ Ke4 49. Qd5# {Normal} 1-0

[Event "Rated Blitz game"]
[Site "?"]
[Date "2021.05.21"]
[Round "?"]
[White "munster1"]
[Black "DonCroccante"]
[Result "1-0"]
[WhiteElo "2540"]
[BlackElo "2490"]
[PlyCount "101"]
[EventDate "2021.??.??"]
[EventType "blitz"]

1. e4 e5 2. Nf3 d5 3. exd5 e4 4. Ne5 Qxd5 5. d4 exd3 6. Nxd3 Nc6 7. Nc3 Qa5 8.
Be2 Be6 9. O-O O-O-O 10. Bg4 f5 11. Bf3 Nf6 12. Re1 Ne4 13. Bxe4 fxe4 14. Rxe4
Bf5 15. Re1 Bd6 16. Bg5 Rdf8 17. Be3 g5 18. a3 Ne5 19. Nxe5 Qxe5 20. g3 Bh3 21.
Qd4 Qf5 22. Qd5 h5 23. Bxa7 Qxd5 24. Nxd5 b6 25. Nxb6+ cxb6 26. Bxb6 h4 27. Be3
hxg3 28. fxg3 Bg4 29. Rf1 Bf3 30. Bf2 g4 31. h4 gxh3 32. Kh2 Bg2 33. Bd4 Rxf1
34. Rxf1 Bxf1 35. Bxh8 Kd7 36. Bd4 Kc6 37. b3 Kd5 38. Bf2 Ke4 39. Kg1 Bg2 40.
Kh2 Kf3 41. Be1 Ke2 42. Bb4 Be5 43. a4 Kf3 44. Be1 Ke2 45. Bc3 Kf3 46. Bxe5 Ke2
47. Bf4 Kf3 48. a5 Ke2 49. a6 Kf3 50. b4 Ke2 51. b5 {Time forfeit} 1-0

[Event "Rated Blitz game"]
[Site "?"]
[Date "2021.05.21"]
[Round "?"]
[White "Leherzahn"]
[Black "magos33"]
[Result "0-1"]
[WhiteElo "2348"]
[BlackElo "2400"]
[PlyCount "62"]
[EventDate "2021.??.??"]
[EventType "blitz"]

1. e4 e5 2. Nf3 d5 3. exd5 e4 4. Qe2 Nf6 5. d3 Qxd5 6. Nc3 Bb4 7. Bd2 Bxc3 8.
Bxc3 O-O 9. dxe4 Nxe4 10. Rd1 Nxc3 11. Rxd5 Nxe2 12. Bxe2 Re8 13. Re5 Be6 14.
O-O Nc6 15. Re3 Bxa2 16. b3 Nb4 17. Ra1 Nxc2 18. Rxa2 Nxe3 19. fxe3 Rxe3 20.
Kf2 Rxb3 21. Bc4 Rc3 22. Bd5 c6 23. Be4 a5 24. Ke2 a4 25. Kd2 Rc5 26. h4 a3 27.
Ng5 h6 28. Nf3 b5 29. Nd4 Rd8 30. Ke3 Rc3+ 31. Bd3 c5 {Normal} 0-1

[Event "Rated Blitz game"]
[Site "?"]
[Date "2021.05.21"]
[Round "?"]
[White "randy_segarra"]
[Black "Winquitter"]
[Result "1/2-1/2"]
[WhiteElo "2500"]
[BlackElo "2521"]
[PlyCount "101"]
[EventDate "2021.??.??"]
[EventType "blitz"]

1. e4 e5 2. Nf3 d5 3. exd5 e4 4. Qe2 Be7 5. Qxe4 Nf6 6. Qa4+ c6 7. dxc6 Nxc6 8.
Bb5 Bd7 9. O-O a6 10. Bxc6 Bxc6 11. Qb3 O-O 12. Ne5 Bd5 13. c4 Be6 14. Qxb7 Qd4
15. Nc6 Qh4 16. Nxe7+ Kh8 17. Nd5 Ng4 18. h3 Ne5 19. Ne3 Bxh3 20. d4 Qxd4 21.
Qd5 Qf4 22. gxh3 Nf3+ 23. Kg2 Nh4+ 24. Kh1 Rad8 25. Qh5 Nf3 26. Ng4 Qe4 27. Nc3
Qb7 28. Nd5 g6 29. Qh6 Rxd5 30. cxd5 Rg8 31. Qf4 Qxd5 32. Nf6 Qc6 33. Nxg8 Nd2+
34. f3 Nxf1 35. Be3 Nxe3 36. Qxe3 Kxg8 37. Rd1 Qc8 38. Kg2 Qc2+ 39. Rd2 Qc8 40.
Qe7 Kg7 41. Qe5+ Kh6 42. Qf6 Qc1 43. Qf4+ Kg7 44. Qd4+ Kh6 45. Qe3+ Kg7 46. f4
Qb1 47. Qe5+ Kh6 48. Qg5+ Kg7 49. Qe5+ Kh6 50. Qg5+ Kg7 51. Qe5+ {Normal}
1/2-1/2

[Event "Rated Blitz tournament udvU5rTx"]
[Site "?"]
[Date "2021.05.21"]
[Round "?"]
[White "chesstime1111"]
[Black "Arkadag2020"]
[Result "1-0"]
[WhiteElo "2681"]
[BlackElo "2521"]
[PlyCount "57"]
[EventDate "2021.??.??"]
[EventType "blitz"]

1. e4 e5 2. Nf3 d5 3. d4 dxe4 4. Nxe5 Nf6 5. Bc4 Be6 6. Bxe6 fxe6 7. O-O Bd6 8.
Nc3 O-O 9. Bg5 c5 10. Bxf6 gxf6 11. Nc4 cxd4 12. Nxe4 Be5 13. Qg4+ Kh8 14. Qxe6
Nc6 15. Nxe5 fxe5 16. Rae1 Qh4 17. g3 Qh5 18. f4 Rae8 19. Qd5 Rd8 20. Qc5 Qg6
21. fxe5 Rxf1+ 22. Kxf1 Qf5+ 23. Kg2 Nxe5 24. Qe7 Qf3+ 25. Kg1 Rf8 26. Qxe5+
Kg8 27. Qxd4 Re8 28. Nf6+ Kf7 29. Nxe8 {Normal} 1-0

[Event "Rated Blitz game"]
[Site "?"]
[Date "2021.05.21"]
[Round "?"]
[White "Ohpdog1"]
[Black "annaly1979"]
[Result "1/2-1/2"]
[WhiteElo "2623"]
[BlackElo "2446"]
[PlyCount "104"]
[EventDate "2021.??.??"]
[EventType "blitz"]

1. e4 e5 2. Nf3 d5 3. d4 dxe4 4. Nxe5 Bd6 5. Bc4 Bxe5 6. dxe5 Qxd1+ 7. Kxd1 Nc6
8. Bf4 Nge7 9. Nc3 Ng6 10. Bg3 Ngxe5 11. Bb5 Bg4+ 12. Ke1 O-O-O 13. Nxe4 f6 14.
f3 Bf5 15. Kf2 Bxe4 16. fxe4 Rd2+ 17. Ke3 Rxc2 18. Be2 Rxb2 19. Rhb1 Rc2 20.
Rc1 Rxc1 21. Rxc1 Rd8 22. h4 Kb8 23. h5 Nd4 24. Bd1 Nec6 25. Ba4 a6 26. Rd1 b5
27. Bb3 Nxb3 28. Rxd8+ Nxd8 29. axb3 Kb7 30. Bh4 Nf7 31. Kd4 Kc6 32. Bg3 Nd6
33. Bf4 Kd7 34. g4 Ke6 35. e5 fxe5+ 36. Bxe5 g6 37. h6 Nf7 38. Bg7 Kd6 39. Bf8+
Kd7 40. b4 Ng5 41. Ke5 Ne6 42. Bg7 c5 43. bxc5 Nxc5 44. Kf6 Ke8 45. Bh8 b4 46.
Kg7 Ne6+ 47. Kxh7 Kf7 48. Ba1 Ng5+ 49. Kh8 a5 50. h7 a4 51. Bb2 a3 52. Bxa3
bxa3 {Normal} 1/2-1/2

[Event "Rated Blitz game"]
[Site "?"]
[Date "2021.05.21"]
[Round "?"]
[White "olympic2012"]
[Black "volgamer21"]
[Result "1-0"]
[WhiteElo "2431"]
[BlackElo "2371"]
[PlyCount "67"]
[EventDate "2021.??.??"]
[EventType "blitz"]

1. e4 e5 2. Nf3 d5 3. d4 dxe4 4. Nxe5 Nd7 5. Nc3 Nxe5 6. dxe5 Qxd1+ 7. Nxd1 Bf5
8. g3 O-O-O 9. Bg2 Bc5 10. O-O Ne7 11. Be3 Bd4 12. Bxd4 Rxd4 13. Nc3 Nc6 14.
Rfe1 Nxe5 15. Bxe4 Bxe4 16. Rxe4 Rxe4 17. Nxe4 Re8 18. Kg2 f5 19. Nc3 g5 20.
Re1 g4 21. h3 Kd8 22. hxg4 fxg4 23. Nd5 Re6 24. Nf4 Re7 25. Nd5 Re6 26. Nf4 Re8
27. Nd5 c6 28. Nf6 Re6 29. Nxh7 Kd7 30. Ng5 Re8 31. Ne4 Kc7 32. Nf6 Re6 33.
Nxg4 Nxg4 34. Rxe6 {Normal} 1-0

[Event "Rated Blitz game"]
[Site "?"]
[Date "2021.05.21"]
[Round "?"]
[White "Urquharts"]
[Black "DonCroccante"]
[Result "0-1"]
[WhiteElo "2469"]
[BlackElo "2453"]
[PlyCount "96"]
[EventDate "2021.??.??"]
[EventType "blitz"]

1. e4 e5 2. Nf3 d5 3. Nxe5 Bd6 4. d4 dxe4 5. Be2 Bxe5 6. dxe5 Qxd1+ 7. Bxd1 Nc6
8. Nc3 Bf5 9. Bf4 O-O-O 10. h4 Nge7 11. g4 Ng6 12. Bg5 Rxd1+ 13. Rxd1 Bxg4 14.
Rd5 Ngxe5 15. Bf4 Re8 16. Nd1 Nf3+ 17. Kf1 g6 18. Ne3 Bh5 19. c3 b6 20. Kg2 Ne7
21. Rb5 Kb7 22. Nc4 Nf5 23. Bg3 c5 24. b4 Kc6 25. a4 Nxg3 26. Kxg3 Ne5 27.
Nxe5+ Rxe5 28. bxc5 Rxc5 29. Rxc5+ Kxc5 30. Re1 f5 31. Kf4 Kc4 32. Re3 Kb3 33.
Kg5 Kxa4 34. Kh6 Kb3 35. Kxh7 a5 36. Kh6 a4 37. Re1 Kxc3 38. Rb1 Kd2 39. Rxb6
Ke2 40. Rb4 Kxf2 41. Rxa4 e3 42. Ra8 e2 43. Re8 e1=Q 44. Rxe1 Kxe1 45. Kg5 Kf2
46. Kf4 Kg2 47. Kg5 Kf3 48. Kf6 f4 {Time forfeit} 0-1

[Event "Rated Blitz tournament udvU5rTx"]
[Site "?"]
[Date "2021.05.21"]
[Round "?"]
[White "Arifars17"]
[Black "gmmds2694"]
[Result "0-1"]
[WhiteElo "2467"]
[BlackElo "2582"]
[PlyCount "28"]
[EventDate "2021.??.??"]
[EventType "blitz"]

1. e4 e5 2. Nf3 d5 3. Qe2 dxe4 4. Qxe4 Nf6 5. Qxe5+ Be7 6. Bc4 O-O 7. O-O Nc6
8. Qf4 Bg4 9. Ne5 Bd6 10. Nxc6 bxc6 11. Qg5 Re8 12. Nc3 Re5 13. f4 Rxg5 14.
fxg5 Nd5 {Normal} 0-1

[Event "Rated Rapid game"]
[Site "?"]
[Date "2021.05.21"]
[Round "?"]
[White "Springvieh"]
[Black "Delyvj"]
[Result "0-1"]
[WhiteElo "2324"]
[BlackElo "2465"]
[PlyCount "88"]
[EventDate "2021.??.??"]
[EventType "rapid"]

1. e4 e5 2. Nf3 d5 3. Nxe5 dxe4 4. d4 exd3 5. Bxd3 Nd7 6. Nxd7 Bxd7 7. O-O Bd6
8. Re1+ Ne7 9. Nc3 Be6 10. Ne4 h6 11. Nxd6+ Qxd6 12. Qf3 O-O-O 13. Bf4 Qd7 14.
Rad1 Nd5 15. h3 Nxf4 16. Qxf4 Qd6 17. Qa4 Qb6 18. Re5 Rd4 19. Qa3 Kb8 20. Rde1
Rhd8 21. Rb5 Qd6 22. Qxd6 R8xd6 23. Rbe5 c6 24. a3 g5 25. Kh2 Kc7 26. g3 Kd7
27. Bf5 Rd2 28. Bxe6+ Rxe6 29. Rxe6 fxe6 30. Kg2 Rxc2 31. Rb1 c5 32. Kf3 e5 33.
b4 c4 34. Ke4 Ke6 35. f4 Re2+ 36. Kf3 Ra2 37. fxg5 hxg5 38. Kg4 Rxa3 39. h4
gxh4 40. gxh4 Rb3 41. Rh1 Rxb4 42. h5 c3+ 43. Kg5 c2 44. h6 Rb1 {Normal} 0-1

[Event "Rated Blitz tournament udvU5rTx"]
[Site "?"]
[Date "2021.05.21"]
[Round "?"]
[White "excelsior13"]
[Black "Magical_Cat"]
[Result "0-1"]
[WhiteElo "2382"]
[BlackElo "2481"]
[PlyCount "98"]
[EventDate "2021.??.??"]
[EventType "blitz"]

1. e4 e5 2. Nf3 d5 3. exd5 e4 4. Qe2 Nf6 5. d3 Qxd5 6. dxe4 Qxe4 7. Nc3 Qxe2+
8. Bxe2 Nc6 9. Be3 Bd7 10. O-O-O O-O-O 11. h3 h6 12. Rhe1 Bb4 13. Bd2 Bf5 14.
a3 Bc5 15. Rf1 Rhe8 16. Bb5 Bd7 17. Na4 Ne4 18. Nxc5 Nxc5 19. Bc3 f6 20. Nd4
Nxd4 21. Bxd7+ Rxd7 22. Rxd4 Ne4 23. Rxd7 Kxd7 24. Bd4 c5 25. Be3 b6 26. Rd1+
Kc6 27. c4 Ng3 28. Kc2 Nf5 29. Rd3 Re4 30. b3 h5 31. Kd2 Nh4 32. g3 Ng6 33. Rd8
Re7 34. Ke2 a6 35. Kd3 Ne5+ 36. Kc3 Nf7 37. Rg8 Nd6 38. b4 Nf5 39. Kb3 Nxe3 40.
fxe3 Rxe3+ 41. Ka4 Rxg3 42. Rc8+ Kb7 43. Rg8 Kc6 44. Rc8+ Kb7 45. Rg8 f5 46. b5
axb5+ 47. Kxb5 Rb3+ 48. Ka4 Rg3 49. Kb5 f4 {Time forfeit} 0-1

[Event "Rated Blitz game"]
[Site "?"]
[Date "2021.05.21"]
[Round "?"]
[White "MassterofMayhem"]
[Black "RiskyBlitzer"]
[Result "1-0"]
[WhiteElo "2640"]
[BlackElo "2431"]
[PlyCount "51"]
[EventDate "2021.??.??"]
[EventType "blitz"]

1. e4 e5 2. Nf3 d5 3. exd5 e4 4. Qe2 Nf6 5. d3 Be7 6. dxe4 O-O 7. Nc3 Re8 8.
Qc4 b5 9. Qxb5 Ba6 10. Qa4 Bxf1 11. Kxf1 Nbd7 12. Be3 Bc5 13. Re1 Nb6 14. Qc6
Bb4 15. Bg5 Qc8 16. Bxf6 gxf6 17. Qxf6 Qa6+ 18. Kg1 Bxc3 19. bxc3 Qc4 20. Ng5
Qxd5 21. h4 Qd7 22. Rh3 Nd5 23. Qh6 f6 24. Rd1 fxg5 25. Rxd5 Qg7 26. Rxg5 {
Normal} 1-0

[Event "Rated Blitz game"]
[Site "?"]
[Date "2021.05.21"]
[Round "?"]
[White "hmnotanatix"]
[Black "Buscapina"]
[Result "1-0"]
[WhiteElo "2485"]
[BlackElo "2546"]
[PlyCount "81"]
[EventDate "2021.??.??"]
[EventType "blitz"]

1. e4 e5 2. Nf3 d5 3. exd5 e4 4. Qe2 Nf6 5. c4 Be7 6. Nd4 O-O 7. h3 c6 8. Nc3
cxd5 9. cxd5 Nxd5 10. Nxd5 Qxd5 11. Qc4 Qd8 12. Be2 Bf6 13. Nb3 Be6 14. Qxe4
Re8 15. Qf3 Bd5 16. Qg4 Nc6 17. O-O h5 18. Qxh5 g6 19. Qg4 Re4 20. Qg3 Rxe2 21.
d4 Nxd4 22. Nxd4 Bxd4 23. Bg5 Qb6 24. Rad1 Rae8 25. Qh4 R8e4 26. Qg3 Kg7 27.
Qb8 Rxf2 28. Rxf2 Bxf2+ 29. Kh1 Be1 30. Rxd5 Qf2 31. Qh2 Bb4 32. Rd1 Re2 33.
Qg1 Qf5 34. Qd4+ f6 35. Bxf6+ Qxf6 36. Qxb4 Rxb2 37. Rd7+ Kh6 38. Qe1 Qg5 39.
Qf1 Qg3 40. Qf8+ Kg5 41. Rd5+ {Time forfeit} 1-0

[Event "Rated Blitz tournament udvU5rTx"]
[Site "?"]
[Date "2021.05.21"]
[Round "?"]
[White "Zhigalko_Sergei"]
[Black "om_gendut"]
[Result "0-1"]
[WhiteElo "2750"]
[BlackElo "2385"]
[PlyCount "178"]
[EventDate "2021.??.??"]
[EventType "blitz"]

1. e4 e5 2. Nf3 d5 3. exd5 e4 4. Qe2 Be7 5. Qxe4 Nf6 6. Qa4+ Nbd7 7. d4 O-O 8.
c4 a6 9. Nc3 b5 10. cxb5 Nb6 11. Qc2 Nbxd5 12. Nxd5 Nxd5 13. Bc4 axb5 14. Bxb5
Bb7 15. O-O Bd6 16. Bg5 Qc8 17. Bd3 g6 18. Be4 Qg4 19. h3 Qe6 20. Rfe1 Qd7 21.
a3 Rab8 22. Rac1 Rfe8 23. Ne5 Bxe5 24. dxe5 Rxe5 25. Bh4 Rbe8 26. Bg3 R5e6 27.
f3 f5 28. Bxd5 Bxd5 29. Rxe6 Rxe6 30. Qxc7 Qxc7 31. Rxc7 Re2 32. b4 Ra2 33. Ra7
g5 34. Be5 Kf8 35. b5 g4 36. b6 gxf3 37. gxf3 Ke8 38. b7 Bxb7 39. Rxb7 Rxa3 40.
Kg2 Ra5 41. Bf4 Ra4 42. Kg3 Ra1 43. Rxh7 Rg1+ 44. Kf2 Ra1 45. Rh5 Ra2+ 46. Kg3
Ra5 47. h4 Kf7 48. Rg5 Kf6 49. h5 Ra1 50. Rg6+ Kf7 51. Be5 Rh1 52. Rg7+ Kf8 53.
Rg5 Kf7 54. Kf4 Ke6 55. Rg6+ Kf7 56. h6 Kxg6 57. Bg7 Rh4+ 58. Ke5 Ra4 59. f4
Ra5+ 60. Ke6 Ra6+ 61. Ke5 Ra4 62. Ke6 Re4+ 63. Kd5 Re1 64. h7 Re2 65. Bh8 Rd2+
66. Bd4 Kxh7 67. Ke5 Kg6 68. Be3 Re2 69. Kd4 Ra2 70. Kd3 Ra4 71. Ke2 Ra8 72.
Kf3 Re8 73. Bf2 Re4 74. Be3 Kf7 75. Bf2 Ke6 76. Be3 Kd5 77. Bf2 Kc4 78. Be3 Kd3
79. Bf2 Re2 80. Bg3 Re3+ 81. Kg2 Ke4 82. Kh3 Rd3 83. Kh4 Rd2 84. Kg5 Rd3 85.
Kh4 Rf3 86. Bh2 Rxf4+ 87. Bxf4 Kxf4 88. Kh3 Kf3 89. Kh2 Kf2 {Time forfeit} 0-1

[Event "Rated Blitz tournament udvU5rTx"]
[Site "?"]
[Date "2021.05.21"]
[Round "?"]
[White "anonymous61596"]
[Black "dr_xStranger"]
[Result "0-1"]
[WhiteElo "2289"]
[BlackElo "2559"]
[PlyCount "68"]
[EventDate "2021.??.??"]
[EventType "blitz"]

1. e4 e5 2. Nf3 d5 3. d4 dxe4 4. Nxe5 Bd6 5. Bc4 Bxe5 6. Qh5 Qe7 7. Qxe5 Qxe5
8. dxe5 Nc6 9. Nc3 Bf5 10. Be3 Nge7 11. O-O-O Nxe5 12. Bb3 O-O 13. h3 Rfe8 14.
g4 Bg6 15. Nb5 Rac8 16. Nxa7 Ra8 17. Nb5 Rac8 18. a3 N7c6 19. Nd4 Nxd4 20. Bxd4
Nf3 21. Be3 c5 22. Bd5 b5 23. h4 h6 24. h5 Bh7 25. Bb7 Rb8 26. Rd7 Ne5 27. Rc7
Nxg4 28. Bd5 Rf8 29. Bxc5 Rfc8 30. Bxf7+ Kh8 31. Bd6 Rxc7 32. Bxc7 Rc8 33. Bf4
Nxf2 34. Kd2 Nxh1 {Normal} 0-1

[Event "Rated Blitz game"]
[Site "?"]
[Date "2021.05.21"]
[Round "?"]
[White "chadi_chess"]
[Black "magos33"]
[Result "1-0"]
[WhiteElo "2413"]
[BlackElo "2386"]
[PlyCount "87"]
[EventDate "2021.??.??"]
[EventType "blitz"]

1. e4 e5 2. Nf3 d5 3. exd5 e4 4. Nd4 Qxd5 5. Nb3 Nf6 6. Nc3 Qe5 7. Qe2 Bd6 8.
d4 exd3 9. Qxe5+ Bxe5 10. Bxd3 O-O 11. O-O Nc6 12. Re1 Bxc3 13. bxc3 Nd5 14. c4
Ndb4 15. Bf4 Nxd3 16. cxd3 Bf5 17. d4 Nb4 18. Re5 Bg6 19. Rb5 Nc2 20. Rc1 b6
21. Bxc7 Rfc8 22. Bg3 Rxc4 23. d5 Rd8 24. d6 Rc6 25. h3 h5 26. h4 Rcxd6 27.
Bxd6 Rxd6 28. a4 a6 29. Re5 f6 30. Re2 Nd4 31. Nxd4 Rxd4 32. Re6 Rxh4 33. Rxb6
Rxa4 34. Rc7 Bd3 35. f3 Ra5 36. f4 Rb5 37. Rd6 Be4 38. Rdd7 Rb2 39. Rxg7+ Kf8
40. Kh2 h4 41. Kh3 a5 42. Ra7 a4 43. Rgc7 Bf5+ 44. Kxh4 {Time forfeit} 1-0

[Event "Rated Blitz game"]
[Site "?"]
[Date "2021.05.21"]
[Round "?"]
[White "furkancelebi"]
[Black "J0NDro76"]
[Result "0-1"]
[WhiteElo "2294"]
[BlackElo "2405"]
[PlyCount "84"]
[EventDate "2021.??.??"]
[EventType "blitz"]

1. e4 e5 2. Nf3 d5 3. Nxe5 dxe4 4. Qe2 Nf6 5. Nc3 Qd4 6. Nf3 Qb4 7. a3 Qe7 8.
Nd4 Qe5 9. Nb3 Nc6 10. d3 exd3 11. Qxe5+ Nxe5 12. Bxd3 Nxd3+ 13. cxd3 Be6 14.
Nd4 Bd7 15. O-O O-O-O 16. Be3 Bc5 17. Nc2 Bxe3 18. fxe3 Bf5 19. e4 Be6 20. Rf3
Bb3 21. Ne1 Rd7 22. e5 Ng4 23. Rf5 g6 24. Rg5 h5 25. Ne4 Re8 26. Nc5 Be6 27.
Nxd7 Bxd7 28. d4 Bc6 29. Nf3 Rd8 30. Rd1 Ne3 31. Rd3 Nf5 32. e6 fxe6 33. Rxg6
Be4 34. Rd2 Nxd4 35. Rxd4 Rxd4 36. Nxd4 Bxg6 37. Nxe6 Kd7 38. Nf4 Be8 39. Kf2
Kd6 40. Kg3 Ke5 41. Nd3+ Kd4 42. Nf4 Ke3 {Time forfeit} 0-1

[Event "Rated Blitz game"]
[Site "?"]
[Date "2021.05.21"]
[Round "?"]
[White "TysonT"]
[Black "Kaissiber"]
[Result "0-1"]
[WhiteElo "2375"]
[BlackElo "2434"]
[PlyCount "104"]
[EventDate "2021.??.??"]
[EventType "blitz"]

1. e4 e5 2. Nf3 d5 3. Nxe5 Bd6 4. d4 dxe4 5. Bf4 Nf6 6. Nc3 O-O 7. Be2 Nbd7 8.
O-O Qe7 9. Nxd7 Bxf4 10. Nxf6+ Qxf6 11. Nxe4 Bxh2+ 12. Kxh2 Qh4+ 13. Kg1 Qxe4
14. Bf3 Qg6 15. Re1 c6 16. Re7 Rb8 17. Qe2 Be6 18. Re1 Qf6 19. Rc7 Qxd4 20. Qe5
Qxe5 21. Rxe5 Rfd8 22. b3 Rd6 23. c4 Kf8 24. c5 Rd7 25. Rxd7 Bxd7 26. Kf1 Re8
27. Rxe8+ Kxe8 28. Ke2 Ke7 29. Ke3 f5 30. Kd4 Kf6 31. Be2 g5 32. g3 Be8 33. b4
h5 34. a4 h4 35. gxh4 gxh4 36. b5 h3 37. Bf3 h2 38. b6 a5 39. Bg2 Ke6 40. f4
Bh5 41. Bxc6 bxc6 42. b7 h1=Q 43. b8=Q Qd5+ 44. Kc3 Qxc5+ 45. Kd3 Qa3+ 46. Kd2
Qa2+ 47. Kc1 Qa1+ 48. Kc2 Qxa4+ 49. Kc1 Qa3+ 50. Kc2 Qa2+ 51. Kc1 Qa1+ 52. Kc2
Qd1+ {Time forfeit} 0-1

[Event "Rated Blitz game"]
[Site "?"]
[Date "2021.05.21"]
[Round "?"]
[White "lord_barre"]
[Black "Slimslik02"]
[Result "1-0"]
[WhiteElo "2459"]
[BlackElo "2360"]
[PlyCount "85"]
[EventDate "2021.??.??"]
[EventType "blitz"]

1. e4 e5 2. Nf3 d5 3. exd5 e4 4. Qe2 Nf6 5. d3 Bb4+ 6. c3 Ba5 7. dxe4 O-O 8.
Bg5 h6 9. Bh4 g5 10. Bg3 Re8 11. Nbd2 Bb6 12. O-O-O Bf5 13. Ne5 Bh7 14. f3 Nh5
15. Nec4 Nd7 16. Nxb6 axb6 17. Kb1 Nc5 18. Nb3 Qf6 19. Bf2 Nf4 20. Qc2 Rad8 21.
Bd4 Qg6 22. g3 Nxd5 23. Bh3 Nf6 24. Bf5 Qg7 25. h4 Bxf5 26. exf5 Ncd7 27. g4 c5
28. hxg5 cxd4 29. gxf6 Nxf6 30. Nxd4 Nd5 31. Qc1 Ne3 32. Rde1 Rxd4 33. cxd4 Nd5
34. Rxe8+ Kh7 35. Re5 Nf6 36. g5 Ng8 37. f6 Qg6+ 38. Qc2 Qxc2+ 39. Kxc2 Kg6 40.
gxh6 Kxf6 41. h7 Kg7 42. h8=Q+ Kg6 43. Rg1# {Normal} 1-0

[Event "Rated Blitz game"]
[Site "?"]
[Date "2021.05.21"]
[Round "?"]
[White "Koenigsindisch"]
[Black "DonCroccante"]
[Result "1-0"]
[WhiteElo "2635"]
[BlackElo "2471"]
[PlyCount "101"]
[EventDate "2021.??.??"]
[EventType "blitz"]

1. e4 e5 2. Nf3 d5 3. exd5 e4 4. Qe2 Nf6 5. d3 Qxd5 6. Nfd2 Qa5 7. Nc3 Nc6 8.
Ndxe4 Be6 9. Bd2 O-O-O 10. Nxf6 gxf6 11. O-O-O Nd4 12. Qe4 Bb4 13. g3 Rhe8 14.
Bg2 Bd5 15. Qg4+ f5 16. Qh3 Bxg2 17. Qxg2 Bxc3 18. Bxc3 Ne2+ 19. Kd2 Nxc3 20.
bxc3 Qxa2 21. Rb1 c6 22. Rhe1 Re6 23. Qf3 Qd5 24. Qxd5 Rxd5 25. Rxe6 fxe6 26.
c4 Rd7 27. Re1 Re7 28. f4 Kd7 29. c5 b6 30. Ra1 Ke8 31. cxb6 axb6 32. Ra6 Rb7
33. Kc3 Kd7 34. Ra8 Kd6 35. Rd8+ Kc5 36. Rh8 Kd5 37. d4 Ke4 38. Re8 Kd5 39. Kd3
c5 40. c4+ Kd6 41. Rd8+ Ke7 42. Rh8 Kd6 43. h3 cxd4 44. Kxd4 Rg7 45. Rb8 Rxg3
46. Rxb6+ Ke7 47. c5 Kf6 48. c6 Rg1 49. c7 Rc1 50. Rb7 Ke7 51. c8=Q+ {Time
forfeit} 1-0

[Event "Rated Rapid game"]
[Site "?"]
[Date "2021.05.21"]
[Round "?"]
[White "naresh89"]
[Black "Delyvj"]
[Result "0-1"]
[WhiteElo "2268"]
[BlackElo "2459"]
[PlyCount "114"]
[EventDate "2021.??.??"]
[EventType "rapid"]

1. e4 e5 2. Nf3 d5 3. h3 Bc5 4. d4 dxe4 5. Nxe5 Qxd4 6. Qxd4 Bxd4 7. Nc4 Nc6 8.
c3 Bf6 9. Be3 Be6 10. Nbd2 Bd5 11. O-O-O O-O-O 12. Nb3 b6 13. g4 h6 14. h4 Nge7
15. Ncd2 Ne5 16. Bh3 Kb8 17. g5 hxg5 18. hxg5 Nd3+ 19. Kc2 Be5 20. Bg2 Bf4 21.
Rxh8 Rxh8 22. Bxe4 Bxe3 23. Bxd5 Nxf2 24. Re1 Nxd5 25. c4 Bxd2 26. Nxd2 Nf4 27.
Re7 Rh2 28. Rxf7 Ne4 29. Rxf4 Nxd2 30. Kd3 Rg2 31. Rf7 Nb1 32. Rxg7 Rxb2 33. g6
Rxa2 34. Rg8+ Kb7 35. g7 Rg2 36. Ke4 Na3 37. Kf5 Nxc4 38. Kf6 Nd6 39. Rh8 a5
40. g8=Q Rxg8 41. Rxg8 a4 42. Ke5 a3 43. Kd4 c5+ 44. Kc3 b5 45. Rg6 Kc6 46. Kb3
b4 47. Rg8 Kd5 48. Rg5+ Kd4 49. Rg6 Ne4 50. Rg4 Kd3 51. Rg2 Nd2+ 52. Ka2 Kc2
53. Re2 c4 54. Rh2 b3+ 55. Kxa3 b2 56. Rxd2+ Kxd2 57. Kxb2 c3+ {Normal} 0-1

[Event "Rated Blitz tournament udvU5rTx"]
[Site "?"]
[Date "2021.05.21"]
[Round "?"]
[White "ElAdversario"]
[Black "om_gendut"]
[Result "0-1"]
[WhiteElo "2557"]
[BlackElo "2400"]
[PlyCount "36"]
[EventDate "2021.??.??"]
[EventType "blitz"]

1. e4 e5 2. Nf3 d5 3. exd5 e4 4. Qe2 Be7 5. Qxe4 Nf6 6. Qa4+ Nbd7 7. c4 O-O 8.
Be2 a6 9. Qc2 b5 10. b3 Bb7 11. O-O c6 12. dxc6 Bxc6 13. Bb2 Rc8 14. d3 Bd6 15.
Nbd2 Qc7 16. Rfe1 Rfe8 17. Bf1 Ng4 18. h3 Bh2+ {Normal} 0-1

[Event "Rated Blitz tournament udvU5rTx"]
[Site "?"]
[Date "2021.05.21"]
[Round "?"]
[White "BuromVpered"]
[Black "ThePuB"]
[Result "0-1"]
[WhiteElo "2517"]
[BlackElo "2227"]
[PlyCount "92"]
[EventDate "2021.??.??"]
[EventType "blitz"]

1. e4 e5 2. Nf3 d5 3. d4 dxe4 4. Nxe5 Bd6 5. Bf4 Bxe5 6. Bxe5 Nf6 7. Nc3 c6 8.
Bc4 Nbd7 9. O-O Nxe5 10. dxe5 Qxd1 11. Raxd1 Ng4 12. Nxe4 O-O 13. Bb3 Nxe5 14.
Nd6 Bg4 15. f3 Bh5 16. Rfe1 Bxf3 17. gxf3 Nxf3+ 18. Kf2 Nxe1 19. Rxe1 Rad8 20.
Nxb7 Rd2+ 21. Re2 Rd7 22. Na5 h5 23. Nxc6 g5 24. Ne5 Rc7 25. Nf3 g4 26. Nh4 Kg7
27. Re5 f6 28. Rxh5 Rd8 29. Nf5+ Kg6 30. Ng3 Rd2+ 31. Ke3 Rg2 32. Bd5 Rxg3+ 33.
hxg3 Kxh5 34. c4 Kg5 35. b4 Kf5 36. c5 Ke5 37. Bg2 f5 38. a4 a5 39. bxa5 Rxc5
40. a6 Ra5 41. Bb7 Rxa4 42. Kf2 f4 43. gxf4+ Kxf4 44. Kg1 Kg3 45. Kf1 Ra2 46.
Kg1 Ra1# {Normal} 0-1